000
00303nam a22001217a 4500
008
230703b xxu||||| |||| 00| 0 eng d
082
_a
345
_b
CLR
100
_c
Sweet and Maxwell
245
_a
The Criminal Law Review
260
_a
Britain
_b
Sweet and Maxwell Ltd
_c
1990
300
_a
539p
942
_2
ddc
_c
BK
999
_c
3471
_d
3471